[Event "57th ch-BUL w"]
[Site "Plovdiv BUL"]
[Date "2008.03.16"]
[Round "2"]
[White "Jordanova,S"]
[Black "Nikolova,A"]
[Result "0-1"]
[WhiteElo "2145"]
[BlackElo "2194"]

1.e4 c5 2.c3 Nf6 3.e5 Nd5 4.Nf3 e6 5.d4 cxd4 6.cxd4 d6 7.a3 Be7 8.Bd3 Nc6
9.O-O Bd7 10.Qe2 Qb6 11.Rd1 Rc8 12.Nc3 Nxc3 13.bxc3 dxe5 14.dxe5 a6 15.Rb1 Qc7
16.c4 Na5 17.Qe4 Ba4 18.Re1 Rd8 19.Bf1 h6 20.h4 Nb3 21.Qg4 g6 22.Be3 Bc5
23.Qf4 Bxe3 24.Qxe3 Nc5 25.Rb2 Qe7 26.g3 Kf8 27.Rd2 Rxd2 28.Qxd2 Kg7 29.Nh2 h5
30.Nf3 Rd8 31.Qe3 Nb3 32.Qf4 Rd7 33.Ng5 Rd4 34.Qf3 Nd2 35.Qc3 Qd7 36.Rc1 Nxf1
37.Rxf1 Rd3 38.Qc1 Qd4 39.Kh2 Qxe5 40.Qb1 Rb3 41.Qc1 Bc6 42.Qd2 Rb2 43.Qd8 Qf6
44.Qxf6+ Kxf6 45.Kg1 Rc2 46.Rd1 Rxc4 47.f3 Ke7 48.Rd3 a5 49.Kf2 b5 50.Ke3 Rc2
51.Ne4 Bxe4 52.fxe4 Rb2 53.Kd4 b4 54.axb4 Rxb4+ 55.Ke3 a4 56.Kf4 f6 57.Rd1 Rb3
58.e5 Rb4+ 59.Kf3 fxe5 60.Rc1 Kf6 61.Rc8 Rb3+ 62.Ke4 Rb4+ 63.Kf3 Ke7 64.Ra8 Kd6
65.Ra5 Rb3+ 66.Ke4 Rxg3 67.Ra6+ Kd7 68.Kxe5 Rg4 69.Rd6+ Kc7 70.Rxe6 Kb7 71.Kf6 Rxh4
72.Kxg6 a3 73.Re1 Kb6 74.Kg5 Rh3 75.Ra1 Kb5  0-1

[Event "ch-Siberia"]
[Site "Novokuznetsk RUS"]
[Date "2008.03.17"]
[Round "5"]
[White "Filimonov,Al"]
[Black "Nigametzianov,M"]
[Result "1-0"]
[WhiteElo "2260"]
[BlackElo "2373"]

1.e4 c5 2.c3 Nf6 3.e5 Nd5 4.d4 cxd4 5.Nf3 Nc6 6.Bc4 Nb6 7.Bb3 d5 8.exd6 Qxd6
9.Na3 dxc3 10.Qe2 Bf5 11.Nb5 Qd7 12.Ne5 Nxe5 13.Qxe5 f6 14.Nc7+ Kd8 15.Ne6+ Bxe6
16.Qxe6 Qxe6+ 17.Bxe6 cxb2 18.Bxb2 Nc8 19.Ke2 Nd6 20.Rhd1 g6 21.Rac1 Bg7
22.Rc2 Rf8 23.f4 Bh8 24.Rdc1 f5 25.Bxh8 Rxh8 26.Rc7 Ke8 27.Kf3 Kf8 28.Rd7 Kg7
29.Rcc7 Kf6 30.Bd5 Nc8 31.Rxb7 a5 32.Rb5 Ra7 33.Rxa7 Nxa7 34.Rxa5 Nc8 35.Ra8 Kg7
36.Ke3 Nb6 37.Rxh8 Kxh8 38.Kd4 Kg7 39.Bc6 Kf6 40.a4 Ke6 41.Kc5 Nc8 42.a5  1-0

[Event "Victor Ciocaltea mem"]
[Site "Bucharest ROM"]
[Date "2008.03.18"]
[Round "5"]
[White "Pap,M"]
[Black "Chirila,I"]
[Result "1/2-1/2"]
[WhiteElo "2465"]
[BlackElo "2400"]

1.e4 c5 2.c3 Nf6 3.e5 Nd5 4.Nf3 e6 5.d4 cxd4 6.cxd4 d6 7.Bc4 Nc6 8.O-O Be7
9.Bd2 O-O 10.Nc3 dxe5 11.dxe5 Nb6 12.Bb3 Na5 13.Bc2 Nac4 14.Bc1 Qxd1 15.Rxd1 Bd7
16.Be4 Na5 17.Bg5 Bxg5 18.Nxg5 h6 19.Nf3 Rac8 20.Rac1 Rc7 21.Ne2 Rxc1 22.Rxc1 Bc6
23.Ng3 Rd8 24.b4 Bxe4 25.Nxe4 Nc6 26.b5 Nd4 27.Nxd4 Rxd4 28.Nd6 a6 29.g3 axb5
30.Rc7 Rd2 31.Rxb7 Nc4 32.Nxf7 Rxa2 33.h4 Ra8 34.Kg2 Na5 35.Rc7 b4 36.Nd6 b3
37.Rc1 b2 38.Rb1 Rb8 39.Kf1 Rb4 40.Ke2 Nc6 41.Kd3 Nxe5+ 42.Kc3 Rb6 43.Ne4 Rc6+
44.Kd4 Nc4 45.Nc5 Ne5 46.Na4 Ng4 47.Rxb2 e5+ 48.Kd5 Rf6 49.Nc5 Rxf2 50.Rxf2 Nxf2
51.Kxe5 Ng4+ 52.Kf5 Ne3+ 53.Kf4 Nd5+ 54.Ke5 Nf6 55.Ke6 Kh7 56.Kf5 Kg8 57.Kg6 Nd5
58.Kf5  1/2-1/2

[Event "ch-Siberia"]
[Site "Novokuznetsk RUS"]
[Date "2008.03.18"]
[Round "6"]
[White "Lykov,V"]
[Black "Rogov,I"]
[Result "1-0"]
[WhiteElo "2164"]
[BlackElo "2006"]

1.e4 c5 2.c3 Nf6 3.e5 Nd5 4.d4 cxd4 5.Nf3 Nc6 6.Bc4 Nb6 7.Bb3 e6 8.cxd4 d5
9.Nc3 Bd7 10.O-O Rc8 11.Bg5 Be7 12.h4 Bxg5 13.hxg5 a6 14.a3 h6 15.g6 fxg6
16.Qd3 g5 17.Qg6+ Kf8 18.Rac1 Qe8 19.Qb1 Qh5 20.Bc2 Ne7 21.Ne2 Bb5 22.Ng3 Qf7
23.Rfd1 g6 24.b3 Nf5 25.a4 Bc6 26.a5 Nd7 27.Bd3 Kg7 28.Rc3 Rhf8 29.Qc2 g4
30.Nxf5+ gxf5 31.Nh4 Qh5 32.g3 Rf7 33.Ng2 Qg5 34.Nf4 Re7 35.Kg2 Nxe5 36.dxe5 d4+
37.Rxc6 Rxc6 38.Bc4 Kf7 39.Rxd4 h5 40.Rd6 Qh6 41.Qxf5+  1-0

[Event "ch-Siberia"]
[Site "Novokuznetsk RUS"]
[Date "2008.03.19"]
[Round "7"]
[White "Gankin,S"]
[Black "Vladimirov,M2"]
[Result "1-0"]
[WhiteElo "2308"]
[BlackElo "2195"]

1.e4 c5 2.c3 Nf6 3.e5 Nd5 4.d4 cxd4 5.Nf3 e6 6.cxd4 d6 7.Bc4 Nc6 8.O-O Be7
9.Qe2 O-O 10.Nc3 Nb6 11.Bd3 d5 12.Be3 Nb4 13.Bb1 Nc4 14.Bc1 Nc6 15.b3 Na3
16.Bd3 Qa5 17.Na4 b5 18.Nc5 Nxd4 19.Nxd4 Bxc5 20.Nf3 Bd7 21.Ng5 h6 22.Nh7 Rfd8
23.Nf6+ gxf6 24.Qg4+ Kf8 25.exf6 Bc8 26.Bxh6+ Ke8 27.Qg8+ Kd7 28.Qxf7+ Kc6
29.Rac1 Rd7 30.Qxe6+ Rd6 31.Qe8+ Kb6 32.Rxc5 Bb7 33.Qe3 Ka6 34.f7 d4 35.Qg5  1-0

[Event "57th ch-BUL w"]
[Site "Plovdiv BUL"]
[Date "2008.03.20"]
[Round "7"]
[White "Jordanova,S"]
[Black "Raeva,E"]
[Result "1/2-1/2"]
[WhiteElo "2145"]
[BlackElo "2258"]

1.e4 c5 2.c3 Nf6 3.e5 Nd5 4.Nf3 e6 5.d4 cxd4 6.cxd4 d6 7.Bc4 Nc6 8.O-O Nb6
9.Bb3 dxe5 10.dxe5 Qxd1 11.Rxd1 Bd7 12.Nc3 Rc8 13.Be3 Na5 14.Bxb6 axb6 15.Ba4 Nc6
16.Rac1 Ra8 17.a3 Be7 18.Rd3 Bc8 19.Nd4 O-O 20.Nxc6 bxc6 21.Bxc6 Ra5 22.Bb5 Bg5
23.Rcd1 Bb7 24.Rd6 Bd5 25.Rxb6 Bb3 26.Rd4 Bc2 27.a4 f6 28.Rxe6 fxe5 29.Rxe5 Bf6
30.Bc4+ Kh8 31.Rxa5 Bxd4 32.h3 Rxf2 33.Rd5 Rf4+ 34.Kh2 Bb6 35.b3 Bc7 36.Kg1 Bb6+
37.Kh1 g6 38.Rb5 Bd4 39.Ne2 Rf1+ 40.Kh2 Be3 41.a5 Rf2 42.Rb8+ Kg7 43.Rg8+ Kh6
44.Re8 Bxb3 45.Rxe3 Bxc4 46.Nc3 Rc2 47.Rf3 Ba6 48.Rg3 Bb7 49.Nb5 Ra2 50.Nd6 Bd5
51.h4 Kg7 52.Rg5 Bc6 53.Nf5+ Kf6 54.Ne3 Re2 55.Nd5+ Kf7 56.Nb4 Ba8 57.Kh3 Rb2
58.Na6 h6 59.Rg3 Ra2 60.Nc7 Rxa5 61.Nxa8 Rxa8  1/2-1/2

[Event "LIV Abierto Mexicano de Ajedrez"]
[Site "Aguascalientes MEX"]
[Date "2008.03.21"]
[Round "5"]
[White "Espinosa Flores,R"]
[Black "Quezada Perez,Y"]
[Result "1-0"]
[WhiteElo "2386"]
[BlackElo "2546"]

1.e4 c5 2.c3 Nf6 3.e5 Nd5 4.d4 cxd4 5.Nf3 e6 6.cxd4 d6 7.Bc4 Nb6 8.Bd3 dxe5
9.dxe5 Na6 10.O-O Nc5 11.Be2 Bd7 12.Nc3 Be7 13.Qd4 O-O 14.Qg4 Kh8 15.Rd1 Qc7
16.Bg5 Bc6 17.Nd4 Bxg5 18.Qxg5 Nd5 19.Nxd5 Bxd5 20.Rac1 h6 21.Qe3 Qb6 22.Nb5 Nd7
23.Nc7 Qxe3 24.fxe3 Rac8 25.e4 Bc6 26.Rxc6 bxc6 27.Rxd7 Rb8 28.b3 Rb7 29.Ba6 Rb4
30.Bc4 Rb7 31.Nxe6 Rxd7 32.Nxf8 Rd1+ 33.Kf2 g5 34.e6 fxe6 35.Nxe6 Rd2+ 36.Kf3 Rxa2
37.e5 a5 38.Nd4 Kg7 39.e6 Kf8 40.Nxc6 g4+ 41.Kg3 a4 42.e7+ Ke8 43.Bd3  1-0

[Event "1st Int di Pasqua"]
[Site "Bologna ITA"]
[Date "2008.03.21"]
[Round "2"]
[White "Berzinsh,R"]
[Black "Martinez,Ro"]
[Result "1-0"]
[WhiteElo "2417"]
[BlackElo "2447"]

1.e4 c5 2.c3 Nf6 3.e5 Nd5 4.Nf3 Nc6 5.Bc4 Nb6 6.Bb3 c4 7.Bc2 Qc7 8.Qe2 g5
9.h3 Bg7 10.d4 cxd3 11.Bxd3 h6 12.O-O Nxe5 13.Nxe5 Qxe5 14.Qc2 Nd5 15.Bd2 O-O
16.Na3 d6 17.Rae1 Qf6 18.Be4 Nf4 19.Nb5 Bd7 20.a4 Bc6 21.Bxc6 bxc6 22.Nd4 d5
23.Qf5 Qd6 24.h4 e6 25.Qg4 Nd3 26.hxg5 h5 27.Qxh5 c5 28.Nxe6 fxe6 29.g6 Rf6
30.g3 Rf5 31.Qh7+ Kf8 32.Bh6 Bxh6 33.Qxh6+ Ke8 34.Qh8+ Kd7 35.Qxa8  1-0

[Event "ch-Siberia"]
[Site "Novokuznetsk RUS"]
[Date "2008.03.21"]
[Round "9"]
[White "Gankin,S"]
[Black "Nigametzianov,M"]
[Result "1/2-1/2"]
[WhiteElo "2308"]
[BlackElo "2373"]

1.e4 c5 2.c3 Nf6 3.e5 Nd5 4.d4 cxd4 5.Nf3 Nc6 6.cxd4 d6 7.Bc4 e6 8.O-O Be7
9.Qe2 O-O 10.Nc3 Nxc3 11.bxc3 b6 12.Rd1 Na5 13.Bd3 Bb7 14.exd6 Qxd6 15.Be3 Rac8
16.Rac1 Bxf3 17.Qxf3 Nc4 18.Bf4 Qd7 19.Qh5 g6 20.Qe2 b5 21.g3 a6 22.h4 h5
23.Be4 Nb6 24.Bg5 Bxg5 25.hxg5 Nd5 26.c4 bxc4 27.Rxc4 Nc3 28.Rxc3 Rxc3 29.Qxa6 Qc8
30.Qb5 Qb8 31.a4 Qxb5 32.axb5 Rb3 33.Bc6 Kg7 34.d5 exd5 35.Rxd5 Rb1+ 36.Kg2 f6
37.Rd7+ Kh8 38.gxf6 Rxf6 39.Rd2 Kg7 40.Re2 Kh6 41.Rd2 Re6 42.Rc2 Rd6 43.Re2 g5
44.Ra2 Rb4 45.Ra6 Kg7 46.Ra2 Kf8 47.Re2 Rd1 48.Rc2 h4 49.gxh4 gxh4 50.Rc3 Rd2
51.Rf3+  1/2-1/2

[Event "Far West Open"]
[Site "Reno USA"]
[Date "2008.03.21"]
[Round "1"]
[White "Sevillano,E"]
[Black "Trammell,G"]
[Result "1-0"]
[WhiteElo "2526"]
[BlackElo "2058"]

1.e4 c5 2.c3 Nf6 3.e5 Nd5 4.d4 cxd4 5.Nf3 d6 6.Qxd4 e6 7.Bg5 Qb6 8.Qxb6 Nxb6
9.Na3 a6 10.exd6 Bxd6 11.O-O-O Be7 12.Bxe7 Kxe7 13.Ne5 N8d7 14.Nec4 Nd5 15.g3 N7f6
16.Bg2 Rb8 17.Rhe1 Rd8 18.Ne5 Bd7 19.Nac4 Be8 20.Na5 Rdc8 21.Bxd5 Nxd5 22.Rxd5 exd5
23.Nec6+ Kd6 24.Nxb8 Rxb8 25.Nxb7+ Rxb7 26.Rxe8 h5 27.Kc2 g6 28.b3 Rb6 29.Kd3 Kd7
30.Re5 Rf6 31.f4 Kc6 32.Kd4 Rd6 33.Re7 f6 34.Rg7 f5 35.Re7 Kb5 36.a4+ Ka5
37.Kc5 Rd8 38.Re6 Rb8 39.b4+ Kxa4 40.Rxa6+ Kb3 41.Kd4 Rc8 42.b5 Rc4+ 43.Kxd5  1-0

[Event "LIV Abierto Mexicano de Ajedrez"]
[Site "Aguascalientes MEX"]
[Date "2008.03.22"]
[Round "7"]
[White "Espinosa Flores,R"]
[Black "Perez Avendano,P"]
[Result "1-0"]
[WhiteElo "2386"]
[BlackElo "2139"]

1.e4 c5 2.c3 Nf6 3.e5 Nd5 4.d4 cxd4 5.Nf3 Nc6 6.cxd4 d6 7.Bc4 e6 8.O-O dxe5
9.dxe5 Be7 10.Qe2 Nb6 11.Rd1 Bd7 12.Bd3 Nb4 13.Be4 N4d5 14.Bd2 O-O 15.Nc3 Bc6
16.Nb5 Bxb5 17.Qxb5 Qe8 18.Qd3 h6 19.Nd4 f5 20.Bxd5 exd5 21.Ne6 Qa4  1-0

[Event "Doeberl Cup"]
[Site "Canberra AUS"]
[Date "2008.03.22"]
[Round "5"]
[White "Smerdon,D"]
[Black "Sales,J"]
[Result "1/2-1/2"]
[WhiteElo "2459"]
[BlackElo "2299"]

1.e4 c5 2.c3 Nf6 3.e5 Nd5 4.d4 Nc6 5.Nf3 cxd4 6.cxd4 d6 7.Bc4 Nb6 8.Bb3 dxe5
9.d5 Na5 10.Nc3 Nxb3 11.Qxb3 e6 12.Nxe5 exd5 13.Be3 Bd6 14.Qb5+ Nd7 15.Nxd7 Qxd7
16.Qxd5 Be7 17.Rd1 Qc6 18.Nb5 Bb4+ 19.Kf1 O-O 20.Qxc6 bxc6 21.Nxa7 Ba6+ 22.Kg1 Rfd8
23.Rxd8+ Rxd8 24.h4 Rd1+ 25.Kh2 Bd6+ 26.g3 Rxh1+ 27.Kxh1 Bb7 28.Kg1 Kf8 29.Kf1 Ke7
30.Ke2 Kd7 31.Bb6 Bc7 32.Bd4 Kd6 33.b4 Kd5 34.Kd3 Bb8 35.h5 Ba6+ 36.Ke3 f5
37.a4 g5 38.Nxc6 Kxc6 39.b5+ Bxb5 40.axb5+ Kxb5 41.Bf6 g4 42.Kd4 Kc6 43.Bg5 Bd6
44.Bf4 Bc5+ 45.Ke5 Bxf2 46.Kf6 Bd4+ 47.Ke6 Bc3 48.Kxf5 Kd7 49.Kxg4 Ke6 50.Kg5 Bg7
51.g4 Bf8 52.Bd2 Bg7 53.Bc1 Kf7 54.Kf5 Bf6 55.Bf4 Bg7 56.Be5 Bf8 57.g5 Be7
58.Bd4 Bf8 59.Bf6 Bd6 60.h6 Bf8 61.Bd4 Bxh6 62.gxh6 Kg8 63.Ke6 Kf8 64.Bg7+ Kg8
65.Kf6  1/2-1/2

[Event "39th Open"]
[Site "Mar del Plata ARG"]
[Date "2008.03.22"]
[Round "9"]
[White "Cornejo,M"]
[Black "Perez Ponsa,F"]
[Result "0-1"]
[WhiteElo "2338"]
[BlackElo "2235"]

1.e4 c5 2.c3 Nf6 3.e5 Nd5 4.d4 cxd4 5.cxd4 d6 6.Bc4 Nb6 7.Bb5+ Nc6 8.Nf3 Bd7
9.exd6 e6 10.Nc3 Bxd6 11.O-O Nb4 12.Bg5 f6 13.Bd2 Bxb5 14.Nxb5 N4d5 15.Qe2 Kf7
16.Qd3 Qd7 17.Rac1 Nc8 18.Rfe1 a6 19.Nc3 Nxc3 20.bxc3 b5 21.c4 bxc4 22.Qxc4 Ne7
23.Qd3 Qb5 24.Qc2 Rac8 25.Qe4 Qd7 26.Rxc8 Qxc8 27.h4 h5 28.a4 Qc4 29.a5 Rb8
30.Rb1 Qd5 31.Qd3 Qf5 32.Qxf5 Nxf5 33.Rc1 Ne7 34.Kf1 Ke8 35.Ne1 Kd7 36.Nd3 Rb5
37.Ra1 Nf5 38.Ra4 Nxh4 39.Bb4 Nf5 40.Bc5 Ne7 41.Bb6 Nd5 42.Ra1 Nxb6 43.axb6 Rxb6
44.Ra5 g6 45.Nc5+ Bxc5 46.dxc5 Rb5 47.c6+ Kxc6 48.Rxa6+ Kd5 49.Ra8 Ke5 50.Rh8 Rb2
51.g3 Kf5 52.Kg2 e5 53.Kf3 Rb3+ 54.Ke2 Kg4 55.Rh6 Kg5 56.Rh8 f5 57.Re8 e4
58.Re6 Rb8 59.Ke3 Rf8 60.Ra6 Rf6 61.Ra7 Rb6 62.Rg7 Kg4 63.Rg8 g5 64.Rf8 Rb3+
65.Ke2 Rf3 66.Rg8 h4 67.gxh4 Kxh4 68.Ra8 Kg4 69.Ra2 Kf4 70.Ra4 g4 71.Ra1 g3
72.fxg3+ Rxg3 73.Kf2 Rb3 74.Ra2 Kg4 75.Re2 Kf4 76.Ra2 Rb7 77.Rc2 Rh7 78.Kg2 Ke3
79.Ra2 Rg7+ 80.Kf1 Rd7 81.Re2+ Kd3 82.Rf2 Rd5 83.Ke1 e3 84.Ra2 f4 85.Ra3+ Ke4
86.Ra4+ Kf3 87.Ra8 Rh5 88.Kd1 e2+ 89.Kd2 Rd5+  0-1

[Event "57th ch-BUL w"]
[Site "Plovdiv BUL"]
[Date "2008.03.22"]
[Round "9"]
[White "Jordanova,S"]
[Black "Videnova,I"]
[Result "1/2-1/2"]
[WhiteElo "2145"]
[BlackElo "2188"]

1.e4 c5 2.c3 Nf6 3.e5 Nd5 4.Nf3 Nc6 5.Bc4 Nb6 6.Bb3 c4 7.Bc2 Qc7 8.Qe2 g5
9.h3 Bg7 10.O-O Nxe5 11.Nxg5 h6 12.Nf3 d5 13.a4 Nbd7 14.Re1 Nxf3+ 15.Qxf3 Nc5
16.Na3 a6 17.d4 cxd3 18.Bxd3 Nxd3 19.Qxd3 Be6 20.Nc2 Qc4 21.Qf3 Rd8 22.Bf4 Qb3
23.Qd3 d4 24.Rad1 Qxa4 25.Nxd4 Bxd4 26.cxd4 Qb3 27.Qxb3 Bxb3 28.Rc1 Be6 29.Rc7 Rd7
30.Rec1 f6 31.Rxd7 Bxd7 32.d5 Rg8 33.Kh2 h5 34.Rc7 e6 35.d6 e5 36.Bd2 f5
37.f3 Rg6 38.Bb4 b5 39.Ra7 e4 40.fxe4 fxe4 41.Rxa6 Kf7 42.Ra3 Rf6 43.Kg3 Ke6
44.Re3 Bc6 45.Rc3 Kd7 46.Ra3 Ke6 47.Re3 Rf5 48.Re1 Kd7 49.Re2 Ke6 50.Kh4 Kd7
51.g4 hxg4 52.hxg4 Re5 53.Re3 Re8 54.g5 Ke6 55.Kg4 Rg8 56.Rc3 Kd5 57.Rc5+ Kxd6
58.Rxb5+ Ke6 59.Rb6 Kd5 60.Kf5 e3 61.Kf6 e2 62.g6 Rf8+ 63.Kg7 Rf1 64.Kh7 Rh1+
65.Kg8 e1=Q 66.Bxe1 Rxe1 67.g7 Kc5 68.Rxc6+ Kxc6  1/2-1/2

[Event "15th Belisce Metalis Open"]
[Site "Bizovac CRO"]
[Date "2008.03.23"]
[Round "5"]
[White "Stevic,H"]
[Black "Kozul,Z"]
[Result "1/2-1/2"]
[WhiteElo "2531"]
[BlackElo "2600"]

1.e4 c5 2.c3 Nf6 3.e5 Nd5 4.d4 cxd4 5.Nf3 Nc6 6.cxd4 d6 7.Bc4 e6 8.O-O Be7
9.exd6 Bxd6 10.Nc3 O-O 11.Re1 h6 12.h3 Bb4 13.Bd2 Nf6 14.a3 Bxc3 15.bxc3 b6
16.Ne5 Bb7 17.Ng4 Na5 18.Bd3 Rc8 19.Re3 Nxg4 20.Qxg4 Qg5 21.Qxg5 hxg5 22.Rg3 Nb3
23.Bxg5 Kh8 24.Re1 Rxc3 25.Re5 f6 26.Bh6 Rxd3 27.Bxg7+ Kg8 28.Rxd3 Kxg7 29.Rxe6 Na5
30.d5 Rf7 31.d6 Bc6 32.Rg3+ Kh7 33.Rc3 Kg6 34.Rg3+ Kh7 35.Rc3 Kg6 36.Rg3+ Kh7  1/2-1/2

[Event "15th Belisce Metalis Open"]
[Site "Bizovac CRO"]
[Date "2008.03.23"]
[Round "6"]
[White "Mestrovic,Z"]
[Black "Prlac,V"]
[Result "1/2-1/2"]
[WhiteElo "2310"]
[BlackElo "2082"]

1.e4 c5 2.c3 Nf6 3.e5 Nd5 4.d4 cxd4 5.Nf3 Nc6 6.Bc4 Nb6 7.Bb3 d5 8.exd6 Qxd6
9.cxd4 e6 10.O-O Be7 11.Nc3 O-O 12.Nb5 Qd8 13.Bf4 Bd7 14.Bc7 Qc8 15.Bxb6 axb6
16.Rc1 Qb8 17.Qe2 Bf6 18.Rfd1 Ra5 19.Nc3 Nb4 20.a3 Nd5 21.Nxd5 exd5 22.Ne5 Be6
23.f4 Rc8 24.Bc2 Qd6 25.g4 g6 26.Kh1 Raa8 27.Qe3 Bg7 28.Qf3 f6 29.Nd3 Rc4
30.Bb3 Rxd4 31.f5 Bf7 32.Nb4 Rxd1+ 33.Rxd1 Rf8 34.Bxd5 Qe5 35.Qe4 Qxb2 36.fxg6 hxg6
37.Qxg6 Qxa3 38.Qe4 Qa4 39.Re1 Kh8 40.Bxf7 Rxf7 41.Qc4 Rf8 42.Re3 Kh7 43.Kg2  1/2-1/2

[Event "15th Belisce Metalis Open"]
[Site "Bizovac CRO"]
[Date "2008.03.23"]
[Round "6"]
[White "Doric,N"]
[Black "Palac,M"]
[Result "1/2-1/2"]
[WhiteElo "2336"]
[BlackElo "2575"]

1.e4 c5 2.c3 Nf6 3.e5 Nd5 4.d4 cxd4 5.Nf3 Nc6 6.cxd4 d6 7.Bc4 Nb6 8.Bb5 Bd7
9.Nc3 e6 10.O-O a6 11.Bd3 Be7 12.a3 Rc8 13.Re1 d5  1/2-1/2

[Event "Victor Ciocaltea mem"]
[Site "Bucharest ROM"]
[Date "2008.03.23"]
[Round "9"]
[White "Pap,M"]
[Black "Lupulescu,C"]
[Result "1/2-1/2"]
[WhiteElo "2465"]
[BlackElo "2553"]

1.e4 c5 2.c3 Nf6 3.e5 Nd5 4.Nf3 d6 5.d4 cxd4 6.cxd4 e6 7.Bd2 dxe5 8.dxe5 a6
9.a3 Be7 10.Bd3 b5 11.O-O Bb7 12.Qe2 Nd7 13.Nc3 Nxc3 14.Bxc3 O-O 15.Rfd1 Bd5
16.Be4 Nb6 17.Ba5 Qb8 18.Nd4 Qb7 19.Bxd5 Nxd5 20.Qg4 Bd8 21.Bxd8 Rfxd8 22.Rd3 Ne7
23.Rad1 Qc7 24.Qe4 Rd5 25.Nf3 Rad8 26.g3 h6 27.Rxd5 Rxd5 28.Rxd5 Nxd5 29.Qd4 Qc1+
30.Kg2 Qc6 31.Kg1 Qc1+ 32.Kg2 Qc6 33.Kg1  1/2-1/2

[Event "Jack Speigel Memorial"]
[Site "Southend ENG"]
[Date "2008.03.23"]
[Round "5"]
[White "Howell,D"]
[Black "Wells,P"]
[Result "1-0"]
[WhiteElo "2528"]
[BlackElo "2520"]

1.e4 c5 2.c3 Nf6 3.e5 Nd5 4.Nf3 Nc6 5.d4 cxd4 6.Bc4 Nb6 7.Bb3 d5 8.exd6 Qxd6
9.O-O Be6 10.Na3 dxc3 11.Qe2 Bxb3 12.Nb5 Qb8 13.axb3 e5 14.Nbd4 Nxd4 15.Nxd4 f6
16.bxc3 Kf7 17.Nf5 Qc8 18.Qf3 Qc6 19.Qh3 g6 20.Nh6+ Bxh6 21.Qxh6 Nd5 22.f4 Qxc3
23.Ra4 Qxb3 24.Re4 Qd3 25.Rfe1 exf4 26.Bxf4 f5 27.Re5 Rac8 28.Bg5 Rc7 29.h4 f4
30.h5 Ne3 31.hxg6+ Qxg6 32.Qh4 Nxg2 33.Re7+ Rxe7 34.Rxe7+ Kf8 35.Bh6+ Kg8
36.Rg7+ Qxg7 37.Qd8+  1-0

[Event "ch-WLS"]
[Site "Cardiff WLS"]
[Date "2008.03.24"]
[Round "6"]
[White "Jameson,D"]
[Black "Jones,RS"]
[Result "1/2-1/2"]
[WhiteElo "2033"]
[BlackElo "2344"]

1.e4 c5 2.c3 Nf6 3.e5 Nd5 4.d4 cxd4 5.Nf3 Nc6 6.Bc4 Nb6 7.Bb3 d5 8.exd6 Qxd6
9.Na3 Be6 10.Nb5 Qd7 11.Bxe6 Qxe6+ 12.Be3 Qd7 13.Nbxd4 e6 14.O-O Be7 15.Nxc6 bxc6
16.Qxd7+ Nxd7 17.Rfd1 a6 18.Rd2 O-O-O 19.Rad1 e5 20.Kf1 f6 21.Ke2 Nc5 22.Rxd8+ Rxd8
23.Rxd8+ Kxd8 24.Nd2 Kd7 25.f4 exf4 26.Bxf4 Ke6 27.b4 Kf5 28.Be3 Ne6 29.Kf3 Nc7
30.g4+ Ke6 31.Ke4 g6 32.Nb3 f5+ 33.gxf5+ gxf5+ 34.Kd3 Bd6 35.Nd4+ Kd7 36.h3 f4
37.Bf2 Nd5 38.a3 Nf6 39.Bh4 Nd5 40.Bf2 Nf6 41.Bh4 Nd5  1/2-1/2

[Event "57th ch-BUL w"]
[Site "Plovdiv BUL"]
[Date "2008.03.24"]
[Round "11"]
[White "Jordanova,S"]
[Black "Savova,S"]
[Result "1-0"]
[WhiteElo "2145"]
[BlackElo "2165"]

1.e4 c5 2.c3 Nf6 3.e5 Nd5 4.Nf3 e6 5.d4 cxd4 6.cxd4 d6 7.Bc4 Nb6 8.Bd3 N8d7
9.O-O dxe5 10.Nxe5 Bd6 11.Qe2 Nd5 12.Re1 Nxe5 13.dxe5 Be7 14.Qg4 Kf8 15.a3 a5
16.Be4 Bd7 17.Qf3 Bc6 18.Nc3 Qd7 19.Bd2 Nxc3 20.Bxc3 Bxe4 21.Qxe4 Qc6 22.Rad1 Ke8
23.Qg4 g6 24.h3 h5 25.Qe2 Qa6 26.Qd2 Rd8 27.Qf4 Ra8 28.Re3 g5 29.Qe4 Qc6
30.Qc2 b5 31.Qe2 Qb7 32.Red3 b4 33.axb4 axb4 34.Bd2 Rd8 35.Rxd8+ Bxd8 36.Qc4 Be7
37.Be3 Kf8 38.Ra1 Qd7 39.Ra8+ Kg7 40.Ra7 Qd1+ 41.Kh2 Qd8 42.Rb7 Re8 43.Rb5 Qd7
44.Ra5 Rc8 45.Qe2 Kg6 46.f4 Qc7 47.Qd3+ Kg7 48.Ra7 Qd8 49.Rd7 Qe8 50.fxg5 Rd8
51.Rxd8 Qxd8 52.Qxd8 Bxd8 53.Kg3 Kg6 54.b3 Kf5 55.Kf3 Kxe5 56.h4 Kf5 57.Bc5 Ba5
58.Be7 e5 59.Bc5 e4+ 60.Ke3 Bc7 61.Bxb4 Bg3 62.Be7 Bxh4 63.g6 Bf2+ 64.Kxf2 fxg6
65.b4 Ke6 66.Bh4 Kd5 67.Ke3 Kc4 68.Kxe4 Kxb4 69.Kf4 Kc4 70.Kg5 Kd5 71.Kxg6 Ke4
72.Kxh5 Kf5 73.g4+ Ke6 74.Kg6 Kd5 75.Kf6 Ke4 76.g5 Kd5 77.g6 Ke4 78.g7 Kd4
79.g8=Q Ke4 80.Qc4+ Kf3 81.Kf5 Ke3 82.Qc3+ Ke2 83.Ke4 Kf1 84.Qf3+  1-0

[Event "Internatonal Open"]
[Site "Sydney AUS"]
[Date "2008.03.25"]
[Round "8"]
[White "Dragicevic,Do"]
[Black "Mas,H"]
[Result "1-0"]
[WhiteElo "2215"]
[BlackElo "2382"]

1.e4 c5 2.c3 Nf6 3.e5 Nd5 4.d4 cxd4 5.Nf3 d6 6.cxd4 e6 7.Nc3 Nxc3 8.bxc3 Qc7
9.Bd2 b6 10.Bd3 Nd7 11.Ng5 Bb7 12.f4 Be7 13.Qh5 g6 14.Qh6 Bxg2 15.Rg1 Bxg5
16.Qxg5 Bb7 17.O-O-O h6 18.Qh4 Qd8 19.Qg3 dxe5 20.fxe5 Qe7 21.Kb2 g5 22.Rgf1 O-O-O
23.Rf2 f5 24.exf6 Nxf6 25.Re1 Nd5 26.Rfe2 Nc7 27.h4 Rdf8 28.hxg5 Rhg8 29.Rxe6 Qd7
30.Re7 Qc6 31.Bh7 Rh8 32.Qg4+ Kb8 33.Bf4 Qb5+ 34.Ka1 Qc4 35.Bxc7+  1-0

[Event "Spring Festival"]
[Site "Budapest HUN"]
[Date "2008.03.27"]
[Round "7"]
[White "Horvath,Je"]
[Black "Papakonstantinou,S"]
[Result "0-1"]
[WhiteElo "2113"]
[BlackElo "2068"]

1.e4 c5 2.c3 Nf6 3.e5 Nd5 4.d4 cxd4 5.cxd4 Nc6 6.Nf3 d6 7.exd6 e6 8.Nc3 Qxd6
9.Bc4 Be7 10.O-O Nb6 11.Bb3 Nb4 12.Qe2 O-O 13.Ne4 Qd8 14.a3 N4d5 15.Bd2 Bd7
16.Bc2 Rc8 17.Bd3 Bc6 18.Rac1 Nf6 19.Rfd1 Bxe4 20.Bxe4 Rxc1 21.Rxc1 Nxe4
22.Qxe4 Qd5 23.Qxd5 Nxd5 24.Kf1 Rd8 25.g3 f6 26.h4 Kf7 27.Ba5 Rd7 28.Bd2 Bd8
29.Ke2 Ne7 30.Bc3 Nc6 31.Rd1 b5 32.Ne1 Bb6 33.Nc2 a5 34.b3 g6 35.f3 h6 36.Rd3 g5
37.h5 Bc7 38.g4 Bb6 39.Bb2 Ne7 40.Ne3 Nd5 41.Nxd5 Rxd5 42.Rd1 Ke7 43.Rd2 Kd7
44.Rd3 Ke7 45.Rd2 Rd7 46.Rd1 Kd6 47.Kd3 Ke7 48.Ke4 Rd5 49.Rc1 Kd7 50.Rd1 Kd6
51.Rd2 f5+ 52.Kd3 e5 53.gxf5 exd4 54.f6 Ke6 55.f7 Kxf7 56.Ke4 Ke6 57.Bxd4 Bxd4
58.Rxd4 Rxd4+ 59.Kxd4 Kf5 60.Ke3 Ke5 61.a4 b4 62.Ke2 Kd4 63.Kf2  0-1

[Event "FKB ch-USA Qualifier"]
[Site "Tulsa USA"]
[Date "2008.03.28"]
[Round "1"]
[White "Galant,S"]
[Black "Bercys,S"]
[Result "0-1"]
[WhiteElo "2248"]
[BlackElo "2421"]

1.e4 c5 2.c3 Nf6 3.e5 Nd5 4.Nf3 Nc6 5.Bc4 Nb6 6.Bb3 c4 7.Bc2 Qc7 8.Qe2 g5
9.Nxg5 Qxe5 10.Qxe5 Nxe5 11.f4 Nd3+ 12.Bxd3 cxd3 13.Ne4 d6 14.g3 Rg8 15.Nf2 Bf5
16.a4 e5 17.fxe5 dxe5 18.b3 Rc8 19.Ba3 Bg7 20.Bb2 e4 21.O-O Bg6 22.Re1 Kd8
23.Na3 f5 24.a5 Nd7 25.Nc4 Rxc4 26.bxc4 Ne5 27.Kh1 Nxc4 28.Bc1 Bh6 29.Ra4 Bf7
30.Kg2 Bd5 31.Kh3 Kd7 32.g4 Ne5 33.gxf5 Nf3 34.Rf1 Ng1+ 35.Rxg1 Rxg1 36.Ba3 e3
37.dxe3 Bg2+ 38.Kh4 Bf3 39.Rd4+ Ke8 40.Nh3 Rg2  0-1

[Event "FKB ch-USA Qualifier"]
[Site "Tulsa USA"]
[Date "2008.03.29"]
[Round "3"]
[White "Galant,S"]
[Black "Yanayt,E"]
[Result "1/2-1/2"]
[WhiteElo "2248"]
[BlackElo "2255"]

1.e4 c5 2.c3 Nf6 3.e5 Nd5 4.Nf3 Nc6 5.d4 cxd4 6.cxd4 d6 7.exd6 Qxd6 8.Nc3 Bg4
9.Be2 e6 10.O-O Be7 11.Qb3 O-O 12.Qxb7 Rab8 13.Qa6 Bxf3 14.Bxf3 Nxd4 15.Qxd6 Nxf3+
16.gxf3 Bxd6 17.Nxd5 exd5 18.Rd1 Rfd8 19.Be3 Rxb2 20.Bxa7 Be5 21.Bd4 Bxd4
22.Rxd4 Rb5 23.a4 Ra5 24.Rb1 g6 25.Kf1 Rda8 26.Rb5 Rxa4 27.Rxa4 Rxa4 28.Rxd5  1/2-1/2

[Event "TCh-HUN 2007-8"]
[Site "Budapest HUN"]
[Date "2008.03.30"]
[Round "9"]
[White "Rovid,K"]
[Black "Antok,D"]
[Result "1/2-1/2"]
[WhiteElo "2296"]
[BlackElo "2253"]

1.e4 c5 2.c3 Nf6 3.e5 Nd5 4.d4 cxd4 5.Nf3 d6 6.cxd4 Nc6 7.Bc4 dxe5 8.dxe5 Ndb4
9.Qb3 e6 10.O-O Bd7 11.Be2 Na5 12.Qd1 Nd5 13.Nbd2 Rc8 14.Ne4 Qb6 15.Bd2 Bb5
16.Nc3 Nxc3 17.Bxc3 Bxe2 18.Qxe2 Be7 19.Rad1 Nc6 20.Nd2 O-O 21.Ne4 Rfd8 22.Qg4 Rxd1
23.Rxd1 Rd8 24.Re1 Qb5 25.Nf6+ Kh8 26.Nh5 Bf8 27.h4 Qd3 28.Nf4 Qd7 29.h5 h6
30.Qf3  1/2-1/2

[Event "FKB ch-USA Qualifier"]
[Site "Tulsa USA"]
[Date "2008.03.30"]
[Round "7"]
[White "Jamison,C"]
[Black "Aigner,M USA"]
[Result "0-1"]
[WhiteElo "1979"]
[BlackElo "2242"]

1.e4 c5 2.c3 Nf6 3.e5 Nd5 4.d4 cxd4 5.Nf3 Nc6 6.Bc4 Nb6 7.Bb3 d6 8.exd6 Qxd6
9.O-O Be6 10.Bxe6 Qxe6 11.Nxd4 Nxd4 12.Qxd4 Rd8 13.Qf4 f6 14.Be3 Qc6 15.Qg3 Kf7
16.f4 e6 17.Qf2 Nc4 18.Bd4 b6 19.b3 Nd6 20.Nd2 Nf5 21.Nf3 Qe4 22.g3 Nxd4
23.cxd4 Rd7 24.Rfe1 Qd5 25.Rac1 Ba3 26.Rc2 Re8 27.Re3 Ree7 28.Rec3 Bd6 29.h3 Rc7
30.Qe3 Rxc3 31.Rxc3 Bb4 32.Rc4 Ba3 33.Rc2 Qf5 34.Qf2 Qxh3 35.Nd2 Rd7 36.Nc4 Bc5
37.Rd2 Bb4 38.Rc2 Qh5 39.Ne3 Rxd4 40.Rc7+ Be7 41.Rxa7 Qc5 42.Nf1 Qd5 43.Rc7 Ke8
44.Kh2 Bc5 45.Qg2 Re4 46.Nd2 Qh5+  0-1

[Event "Spring Open"]
[Site "Belgrade SCG"]
[Date "2008.04.01"]
[Round "8"]
[White "Tomin,N"]
[Black "Kalinic,D"]
[Result "1/2-1/2"]
[WhiteElo "1751"]
[BlackElo "1930"]

1.e4 c5 2.c3 Nf6 3.e5 Nd5 4.d4 cxd4 5.Nf3 Nc6 6.cxd4 d6 7.Bc4 e6 8.O-O Be7
9.Qe2 O-O 10.Qe4 Qc7 11.Bd3 g6 12.Bh6 Rd8 13.Nbd2 Nb6 14.Rac1 dxe5 15.dxe5 Nd7
16.Bb5 Ndxe5 17.Nxe5 Qxe5 18.Bxc6 Qh5 19.Bxb7 Bxb7 20.Qxb7 Qxh6 21.Nc4 Qf8
22.Qf3 Bg5 23.Rcd1 Qc5 24.b3 Rac8 25.Rfe1 Rxd1 26.Rxd1 Rd8 27.Rxd8+ Bxd8
28.Qa8 Qd4 29.g3 Kg7 30.Kg2  1/2-1/2